Managerial economic foundations of business and strategy

Saved in:
Bibliographic Details
Main Author: THOMAS, Christopher R. Maurice, S.Charles
Format: Book
Language:English
Published: McGraw-Hill Education 2020
Tags: Add Tag
No Tags, Be the first to tag this record!

MARC

LEADER 00000nam a22000007a 4500
008 210713b ||||| |||| 00| 0 eng d
020 |a 9781260565546 
100 |a THOMAS, Christopher R.  |a Maurice, S.Charles 
245 |a Managerial economic  |b foundations of business and strategy  |c Christopher R. Thomas and S.Charles Maurice  |g xxi, 726p; ill 
250 |b 13th 
260 |b McGraw-Hill Education  |c 2020  |h New York  |i 696477  |i 696478  |l HD30.22.T35  |m Managerial economics 
500 |a it includes references and index 
942 |a lcc  |c BK  |e JOHNSON  |f 13/07/21 
952 |0 0  |1 0  |2 lcc  |4 0  |6 HD003022 T35  |7 0  |9 2775  |a SSL  |b HOL  |c GJ  |d 2021-07-13  |l 0  |o HD30.22.T35  |p 2021-6634  |r 2021-07-13 00:00:00  |w 2021-07-13  |y BK 
952 |0 0  |1 0  |2 lcc  |4 0  |6 HD003022 T35  |7 0  |9 2776  |a HOL  |b HOL  |c GJ  |d 2021-07-13  |l 0  |o HD30.22.T35  |p 2021-6635  |r 2021-07-13 00:00:00  |w 2021-07-13  |y BK 
999 |c 1446  |d 1446